000 00583nam a22001937a 4500
005 20251108163341.0
008 250721s1995 xx 000 0 ara d
082 1 4 _a216,24/موج
245 1 0 _aالموجز في الزكاه والتكافل الإجتماعي في الإسلام /
264 1 _aعمان :
_bمؤسسة آل البيت،
_c1995.
300 _a131ص.
490 0 _aندوات الحوار بين المسلمين
650 1 7 _aالإسلام
650 1 7 _aالفقه
650 1 7 _aالعبادة
650 1 7 _aالزكاة
942 _2ddc
_cBK
999 _c461
_d461